Statistics for Interstate I-80 Cities

Click here to take the quiz!

General Stats

  • This quiz has been taken 176 times
  • The average score is 17 of 20

Answer Stats

State% Correct
California
90%
Indiana
90%
Nevada
90%
Ohio
90%
Illinois
89%
Omaha
89%
Utah
89%
Nebraska
88%
Wyoming
88%
Iowa
87%
Pennsylvania
87%
San Francisco
87%
New Jersey
84%
Reno
84%
Salt Lake City
82%
Des Moines
81%
Sacramento
78%
Cheyenne
77%
Lincoln
77%
Oakland
72%

Score Distribution

Percentile by Number Answered

Percent of People with Each Score

Your Score History

You have not taken this quiz